000 00989nam a2200253 i 4500
001 130013
003 ES-MaACL
005 20230906193626.0
007 t|
008 170105s1985 sp ||||1| cat d
020 _a84-393-0514-1
100 1 _aMartí i Miralles, Joan.
_977245
245 1 0 _aPrincipis del dret successori aplicats a formules d'usdefruit vidual i d'herència vitalicia /
_cJoan Martí i Miralles ; introducció de Lluís Puig i Ferriol.
250 _aEd. facs.
260 _a[Barcelona] :
_bGeneralitat de Catalunya, Departament de Justicia,
_c1985.
300 _aXVI, 353 p. ;
_c25 cm.
490 1 _aTextos jurídics catalans. Escriptors ;
_v2
534 _pReprod. de la 1ª ed. de:
_cBarcelona : Imp. La Renaixença, 1925.
650 4 _aSucesión del cónyuge viudo-
_zCataluña.
_9161519
700 0 _aPuig Ferriol, Luis.
_994265
830 0 _aTextos jurídics catalans. Escriptors ;
_v2
_9186797
852 _aES-MaACL
_jL-31159
999 _c130013
_d130013